|
|
|
|
| LEADER |
00000nam a22000007a 4500 |
| 005 |
20210506005915.0 |
| 007 |
cr|||| |||| |
| 008 |
210506s2021 pe |||||s|||| 00||0 spa d |
| 020 |
|
|
|a 978-612-4460-28-9
|
| 035 |
|
|
|a 33278
|
| 040 |
|
|
|a vLex
|
| 090 |
|
|
|c 11622
|d 11622
|
| 100 |
1 |
|
|a Ro̕s Patio, Gino
|
| 245 |
1 |
2 |
|a La previsin̤ social en la era neoliberal a la luz de los principios constitucionales previsionales
|h [Recurso electrn̤ico] /
|c Gino Ro̕s Patio, Renzo Espinoza Bonifaz, Marcos Gutierrez Ayala, Valentn̕ Armenta
|
| 256 |
|
|
|a Servicio en ln̕ea
|
| 300 |
|
|
|a 1 recurso electrn̤ico
|
| 506 |
1 |
|
|a Disponible solo en los productos indicados
|d vLex Global
|d vLex Global (Academic Edition, excluding Law Schools)
|d vLex Global (U.S. Academic Edition, Law Schools)
|d vLex Global (U.S. Academic Edition, excluding Law Schools)
|d vLex Global (Academic Edition, Law Schools)
|
| 650 |
0 |
4 |
|a Derecho Constitucional
|z Per︢
|
| 700 |
1 |
|
|a Espinoza Bonifaz, Renzo
|
| 700 |
1 |
|
|a Gutierrez Ayala, Marcos
|
| 700 |
1 |
|
|a Armenta, Valentn̕
|
| 740 |
0 |
|
|a vLex Libros (Servicio en ln̕ea)
|
| 856 |
4 |
0 |
|u https://vlex.com/source/prevision-social-en-la-era-neoliberal-a-la-luz-de-los-principios-constitucionales-previsionales-33278
|z Acceso restringido
|
| 942 |
|
|
|c BOOK
|
| 999 |
0 |
|
|a Constitutional right
|